[Event "Rohde op 07th"]
[Site "Sautron"]
[Date "2007.11.02"]
[Round "8"]
[White "Abbasov, Farid"]
[Black "Koziak, Vitali"]
[Result "1/2-1/2"]
[WhiteElo "2507"]
[BlackElo "2437"]
[Annotator "RR"]
[PlyCount "141"]
[EventDate "2007.10.27"]
[EventType "swiss"]
[EventRounds "9"]
[EventCountry "FRA"]
[SourceTitle "EXT 2008"]
[Source "ChessBase"]
[SourceDate "2007.11.25"]
[SourceVersion "1"]
[SourceVersionDate "2007.11.25"]
[SourceQuality "1"]

1. Nf3 d5 2. d4 c6 3. c4 Nf6 4. e3 Bf5 5. Nc3 e6 6. Qb3 $5 {KOZUL a fait
plusieurs essais avec cette ligne secondaire attaquant le point faible b7 mais
le problème est le fait que les blancs ont déjà joué e3 et ils n'ont plus le
thème tactique Bf4 en repli а Qb6c7} (6. Nh4 {La variante а la mode} Bg6 (6...
Be4 7. f3 Bg6 8. Qb3 {[%csl Rb7]}) 7. Nxg6 hxg6 8. g3 Nbd7 9. Bg2 dxc4 10. Qe2
Be7 11. Qxc4 $14) 6... Qb6 7. c5 Qc7 (7... Qxb3 $143 8. axb3 Nbd7 9. b4 Be7 10.
b5 O-O 11. bxc6 (11. b4 Rfb8 12. Bb2 Ne8 13. Be2 Nc7 14. Kd2 $1) 11... bxc6 12.
b4 Ne4 13. Nxe4 Bxe4 14. b5) 8. Nh4 $1 {Doit retomber sur la grande ligne 6.Nh4
} Be4 (8... Bg6 9. Nxg6 hxg6 10. g3 $14) 9. f3 Bg6 10. Nxg6 ({RR} 10. e4 $5
dxe4 11. Nxg6 hxg6 12. fxe4 Ng4 13. Be2 Nxh2 14. Be3 Nd7 15. O-O-O Qg3 16. Bf3
Nxf3 17. Rxh8 Nh4 18. Ne2 Qg4 19. Qxb7 Rd8 20. Nc3 Nxg2 21. Bd2 Nf4 22. Qxc6
Nd3+ 23. Kb1 e5 24. Rdh1 f6 25. Rxf8+ {Hertneck,G (2573)-Stripunsky,A (2482)/
Port of Spain 1999/EXT 2002/1-0}) (10. g3 Nbd7 11. Nxg6) 10... hxg6 11. g3 b6
$5 $146 (11... Nbd7 12. Qa4 {Kozul,Z (2576)-Bosiocic,M (2351) Zagreb op 2006 
(3) 1-0}) 12. cxb6 axb6 {[%csl Ga8]} 13. e4 Be7 14. Be3 b5 15. Bg2 O-O 16. O-O
dxe4 17. Nxe4 (17. fxe4) 17... Nd5 {[%csl Gd5]} 18. Bf2 Nd7 19. Rfc1 Rfc8 20.
Bf1 Qb6 21. a3 Rab8 22. Rc2 Qa7 23. Rac1 Qa8 24. h4 Rb6 25. g4 Qa7 26. Kh1 Qa8
27. Bg3 Rd8 28. Bd3 N7f6 29. Rh2 Qa4 30. Qxa4 bxa4 {[%csl Rb2]} 31. Nc5 Ra8 32.
Rd2 Ra5 33. Ne4 Ra7 34. Re1 Rab7 35. Ree2 Nd7 36. Nd6 Bxd6 37. Bxd6 Rb3 38. Rf2
R7b6 39. Kh2 Rb7 40. Ba6 Ra7 41. Bc4 Re3 42. Rf1 e5 $1 43. dxe5 Nxe5 44. Bxe5 (
44. Bxd5) 44... Rxe5 45. Rc1 Kf8 46. Kg3 Ke7 47. Be2 Re6 48. Rc5 Kd6 49. Rc4
Kc7 50. Re4 Rxe4 51. fxe4 Nb6 52. Kf4 Ra5 53. g5 Rc5 54. Bd3 Rc1 55. Rf2 Kd7
56. Ke3 Ke6 57. Kd2 Rc5 58. Rf1 Nc4+ 59. Bxc4+ Rxc4 60. Kd3 Rc5 61. Rf2 $11 Rb5
62. Kc4 f6 63. Rg2 f5 64. exf5+ gxf5 65. Kd4 Rd5+ 66. Ke3 Re5+ 67. Kf3 Re4 68.
h5 Rh4 69. Rc2 Kd5 70. Rd2+ Kc4 71. h6 1/2-1/2

[Event "Bundesliga 1112"]
[Site "Germany"]
[Date "2011.11.19"]
[Round "4.8"]
[White "Straeter, Timo"]
[Black "Kleijn, Christov"]
[Result "1-0"]
[WhiteElo "2327"]
[BlackElo "2429"]
[Annotator "RR"]
[PlyCount "91"]
[EventDate "2011.10.14"]
[EventType "team-tourn"]
[EventRounds "15"]
[EventCountry "GER"]
[SourceTitle "CBM 146"]
[Source "ChessBase"]
[SourceDate "2012.01.18"]
[SourceVersion "1"]
[SourceVersionDate "2012.01.18"]
[SourceQuality "1"]
[WhiteTeam "Wattenscheid"]
[BlackTeam "Emsdetten Turm"]
[WhiteTeamCountry "GER"]
[BlackTeamCountry "GER"]

1. d4 d5 2. c4 c6 3. Nf3 Nf6 4. e3 Bf5 5. Bd3 Bxd3 6. Qxd3 e6 7. O-O Be7 8. Nc3
O-O 9. e4 dxe4 10. Nxe4 Nbd7 11. Bd2 Qc7 12. Rad1 Rad8 13. Bc3 Rfe8 14. Rfe1
Qb6 15. b3 Nxe4 16. Qxe4 Bb4 17. Bxb4 Qxb4 18. g3 a5 19. Qc2 Nf6 20. Kg2 Re7
21. Re2 Qb6 22. Red2 h6 23. Ne5 Qc7 24. c5 Nd7 25. Nc4 Ra8 26. Re1 b5 27. cxb6
Nxb6 28. Nxb6 Qxb6 29. Re5 Rd7 30. Rc5 Rd6 31. Qc4 Rad8 32. Qc3 Ra8 33. Rc2 Ra6
34. h4 a4 35. b4 Qd8 36. b5 Rb6 37. Rxc6 Rb8 38. Rc8 Rxc8 39. Qxc8 Rxd4 40. b6
Kh7 41. b7 Qd5+ 42. Kh2 (42. f3 Rb4 43. b8=Q) 42... Rd1 $2 (42... Qf3 43. Qc6
Qxc6) 43. f3 $18 Qe5 44. b8=Q Qe1 45. Qg8+ Kg6 46. h5+ 1-0

[Event "FRA-chT Top 16 GpA"]
[Site "Monte Carlo"]
[Date "2006.05.??"]
[Round "11"]
[White "Gurevich, Mikhail"]
[Black "Kogan, Artur"]
[Result "1-0"]
[WhiteElo "2633"]
[BlackElo "2560"]
[Annotator "RR"]
[PlyCount "61"]
[EventDate "2006.02.03"]
[EventType "team"]
[EventRounds "11"]
[EventCountry "MNC"]
[SourceTitle "EXT 2015"]
[Source "ChessBase"]
[SourceDate "2014.11.20"]
[SourceVersion "1"]
[SourceVersionDate "2014.11.20"]
[SourceQuality "1"]
[WhiteTeam "Gonfreville"]
[BlackTeam "Evry"]
[WhiteTeamCountry "FRA"]
[BlackTeamCountry "FRA"]

1. d4 d5 2. c4 c6 3. Nf3 Nf6 4. e3 Bf5 5. Nc3 e6 6. Nh4 Bg6 (6... Bg4) (6...
Be4) 7. Nxg6 (7. Qb3 {[%csl Rb7]}) (7. Be2) 7... hxg6 8. g3 Nbd7 9. Bg2 Bb4 ({
RR} 9... dxc4 10. Qe2 Nb6 11. O-O Bb4 12. Bd2 O-O 13. Ne4 Qe7 14. Bxb4 Qxb4 15.
Nc5 Rab8 16. Rfc1 Rfd8 17. Qc2 Nfd7 18. Ne4 e5 19. a3 Qe7 20. Re1 Nf6 21. Ng5
exd4 22. exd4 Qd6 23. Nf3 Re8 24. Re5 {Aronian,L (2759)-Kramnik,V (2772)/
Yerevan 2007/CBM 118/1/2-1/2 (55)}) (9... Be7) 10. Qb3 Qe7 $146 (10... a5 11.
O-O O-O 12. Rd1 Qc7 13. Ne2 Be7 14. Qc2 a4 15. Bd2 Nb6 16. b3 e5 17. dxe5 Qxe5
18. Bc3 Qc7 19. Bd4 dxc4 20. bxc4 Nbd7 21. Rab1 Bc5 22. Bc3 Rfe8 23. Nf4 Ne5
24. Nd3 Nxd3 25. Rxd3 {Gurevich,M (2633)-Svetushkin,D (2557)/Kusadasi 2006/CBM
111 ext/1-0 (54)}) 11. Bd2 (11. a3 {[%cal Gb3b7]} Bxc3+ 12. Qxc3 dxc4 (12...
Ne4) (12... O-O-O 13. b4 Nb6 14. c5 Nc4 15. a4 $36 {[%cal Gb4b5]}) 13. Qxc4 e5)
11... dxc4 {[%cal Ge6e5]} (11... e5 $143 12. a3 (12. O-O) 12... exd4 13. axb4
dxc3 14. Bxc3 $14 {[%csl Gc3,Gg2]}) 12. Qxc4 e5 $132 13. O-O Nb6 14. Qb3 O-O-O
15. Rad1 (15. a3 Bd6 16. Rfc1 {[%cal Gc1c8]} Kb8 17. a4 exd4 18. exd4 Qe6 (
18... Ng4 19. a5 $16) (18... Bc7 19. a5) 19. Qxe6 fxe6 20. b3 e5 21. dxe5 Bxe5
22. Be1 Nbd5 $11) 15... Bd6 16. a4 exd4 17. exd4 Rh5 {[%cal Gd8h8,Gh5a5]} 18.
Rfe1 $16 {[%csl Re7]} Qd7 19. h4 Ng4 $6 (19... Nbd5 20. Bg5 Nxc3 21. bxc3 Re8)
20. Ne4 Nd5 21. Bg5 Bb4 22. Bxd8 Bxe1 23. Rxe1 Qxd8 24. Bf3 f5 $2 25. Nc5 $18
b6 26. Re6 Nc7 27. Rxc6 bxc5 28. Rxg6 Rh7 29. Bc6 Nb5 30. Bxb5 Qxd4 31. Qg8+
1-0

[Event "POL-chT 66th"]
[Site "Katowice"]
[Date "2010.09.09"]
[Round "6"]
[White "Urban, Klaudiusz"]
[Black "Antoniewski, Rafal"]
[Result "1/2-1/2"]
[WhiteElo "2468"]
[BlackElo "2608"]
[Annotator "RR"]
[PlyCount "80"]
[EventDate "2010.09.04"]
[EventType "team-tourn"]
[EventRounds "9"]
[EventCountry "POL"]
[SourceTitle "EXT 2016"]
[Source "ChessBase"]
[SourceDate "2015.10.08"]
[SourceVersion "1"]
[SourceVersionDate "2015.10.08"]
[SourceQuality "1"]
[WhiteTeam "Poznan Pocztowiec"]
[BlackTeam "Dankowice"]
[WhiteTeamCountry "POL"]
[BlackTeamCountry "POL"]

1. d4 d5 2. c4 c6 3. Nf3 Nf6 4. e3 Bf5 5. Nc3 e6 6. Bd3 Bxd3 7. Qxd3 Nbd7 8.
O-O Be7 9. e4 (9. b3) 9... dxe4 10. Nxe4 O-O 11. Rd1 Nxe4 12. Qxe4 Qa5 13. Bd2
(13. Bf4 Rfd8 14. Qe2 Nf6 15. Rd3 Qf5 16. Be5 Rd7 17. h3 Rad8 18. Rad1 Bd6 19.
Bxd6 Rxd6 20. Ne5 Qe4 21. Re3 Qh4 22. c5 Rd5 23. Rb3 Qe4 24. Qxe4 Nxe4 25. Re1
Rxd4 26. Rxb7 Nxc5 27. Rxa7 Ra4 28. Nxf7 Ra8 29. Rxa8+ Rxa8 30. Ne5 Rxa2 31. b4
Na6 32. Nxc6 Rb2 33. Re4 Nc7 34. g3 Kf7 35. Rf4+ Ke8 36. Ne5 Nd5 37. Rg4 Kf8
38. Nd3 Rb3 39. Rd4 Ke7 40. Kg2 Kd6 41. Nf4 Rxb4 42. Rxb4 Nxb4 {Nikolaidis,I 
(2566)-Miton,K (2608) Porto Rio 2014 1/2-1/2}) 13... Qh5 14. Bf4 Rad8 (14...
Rac8 15. Rd3 Rfd8 16. h3 b5 17. b3 bxc4 18. bxc4 Qa5 19. Qe2 Qf5 {1/2-1/2 (19)
Houska,J (2421)-Dearing,E (2412) England 2011}) 15. Rd3 Nf6 16. Qe5 c5 $1 17.
Rad1 cxd4 18. Qxh5 Nxh5 19. Bc1 Rc8 20. b3 Bc5 21. Nxd4 a6 22. Be3 Nf6 23. h3
h6 24. Kf1 {Les Blancs ont des pièces plus actives et un petit avantage
d'espace mais les Noirs peuvent simplifier assez facilement,} Rfe8 25. Ke2 Bb4
26. Nc2 {Les Blancs ont le contrôle de la colonne "d" mais ils sont privés
de cases de pénétration pour les R} Bf8 27. Bb6 Rc6 28. Bd4 Ne4 29. Bb2 (29.
f3 Ng3+ 30. Kf2 Nf5 31. Bc3 {[%cal Gg2g4]} b5 $132) 29... Rcc8 30. f3 Nc5 (
30... Ng3+ 31. Kf2 Nf5 32. g4 Ne7 33. Rd7 b5 $132) 31. R3d2 b5 $1 $11 32. Ne3
bxc4 33. Nxc4 e5 34. Kf1 e4 35. Bd4 Ne6 36. Be3 Bb4 37. Rd5 Nc7 38. Re5 Nb5 39.
Rxe8+ Rxe8 40. Rd3 Re6 1/2-1/2

[Event "Nalchik FIDE GP"]
[Site "Nalchik"]
[Date "2009.04.17"]
[Round "3"]
[White "Ivanchuk, Vassily"]
[Black "Gelfand, Boris"]
[Result "1/2-1/2"]
[WhiteElo "2746"]
[BlackElo "2733"]
[Annotator "Rogozenco,D"]
[PlyCount "59"]
[EventDate "2009.04.15"]
[EventType "tourn"]
[EventRounds "13"]
[EventCountry "RUS"]
[EventCategory "19"]
[SourceTitle "CBM 130"]
[Source "ChessBase"]
[SourceDate "2009.05.20"]
[SourceVersion "1"]
[SourceVersionDate "2009.05.20"]
[SourceQuality "1"]

1. d4 d5 2. c4 c6 3. Nf3 Nf6 4. e3 Bf5 5. Nc3 e6 6. Nh4 Bg6 7. Be2 Nbd7 8. O-O
Bd6 9. g3 O-O 10. Bd2 Qe7 $146 (10... Re8 11. Rc1 a6 12. Nxg6 hxg6 13. f3 (13.
c5 Bc7 14. f4 $14) 13... e5 14. cxd5 cxd5 15. Qb3 exd4 16. exd4 {1/2-1/2
Gavrikov,V (2578)-Khalifman,A (2688)/Tallinn 2002}) 11. Rc1 dxc4 12. Nxg6 hxg6
13. Bxc4 e5 14. Bb3 Nb6 15. Qc2 {An important move, taking control over
important squares in the centre before starting to advance the pawns. Besides,
in spite of multiple defences the threat 16.Qxg6 is quite unpleasant for Black.
} Kh8 (15... e4 16. f3 Rae8 (16... exf3 17. Qxg6 $16) 17. Rce1 $14) (15... Nbd5
16. Nxd5 cxd5 (16... Nxd5 17. e4 $14) 17. dxe5 Bxe5 18. Rfd1 $14 Rfd8 (18...
Rac8 $2 19. Qxc8 Rxc8 20. Rxc8+ Kh7 21. Rc2 g5 22. Bc3 $16) 19. Bc3 Rac8 20.
Qd3 $14) (15... exd4 16. exd4 Nbd5 17. Bg5 $14) 16. dxe5 {White is better
first of all thanks to the strong bishop on b3 and the possibility of
advancing the central pawns.} Qxe5 $6 {Too provoking.} (16... Bxe5 {is safer,
since after} 17. f4 {Black continues} (17. Rfd1 $142 $14) 17... Bxc3 18. Qxc3
Nbd5 19. Qd3 Rad8 20. Qe2 Rfe8 {with a good position.}) 17. f4 $5 {Ivanchuk
decides to start rolling the pawns forward without delay. In connection with
the next move this approach gives Black certain counterplay, although
Ivanchuk's intuition was right - White's position contains sufficient
potential to neutralise Black's initiative.} (17. e4 $14) (17. Rce1 $14) 17...
Qf5 18. e4 {Not fearing the neighbourhood of the opponent's queen to white
king.} ({Again White had a good alternative with the quiet} 18. Kg2 {keeping
all the advantages of the position without allowing Black any counterplay:}
Rae8 (18... Qxc2 19. Rxc2 Rae8 20. Kf3 $16) 19. Rfe1 $5 (19. Rce1 Ne4 (19...
Qxc2 20. Bxc2 Nc4 21. Bc1 $14) 20. Nxe4 Qxe4+ 21. Qxe4 Rxe4 22. Kf3 Nc4 23. Bc3
Rfe8 24. Bxc4 Rxc4 $14) 19... Ne4 20. Rcd1 Nxd2 (20... Bc7 21. Nxe4 Qxe4+ (
21... Rxe4 22. Qb1 $16 {[%cal Gb3c2]}) 22. Qxe4 Rxe4 23. Kf3 f5 24. Bc3 $16 {
[%csl Gb3,Gc3]}) (20... Nxc3 21. Bxc3 $16 {[%csl Rd6][%cal Ge3e4]}) 21. Qxd2
Bc7 22. e4 $14) 18... Qh3 19. Rce1 Ng4 20. Bc1 Bc5+ 21. Kh1 {In spite of his
opponent's activity White keeps everything under control. The bishop pair,
better development and pawn structure must secure White a clear advantage. For
the moment Black can compensate for these factors by the pressure on the
kingside, but if Black loses the dynamic initiative his position can easily
collapse.} Be3 $1 {Gelfand feels that it is important for Black to exchange at
least one of white bishops and uses tactics in order to achieve this task.} (
21... Rad8 22. Qg2 Qh5 {leaves White with a pleasant choice between 23.e5, 23.
Bd1 and 23.h3. In all cases Black's position remains dangerous.}) 22. Qe2 ({
After} 22. Bxe3 $2 Nxe3 {White can't take the knight due to the fact that rook
on f1 remains unprotected.}) 22... Bxc1 23. Rxc1 Nd7 $1 {Continuing the right
strategy to improve the position of the pieces. Nevertheless there is still a
long way to go before equalizing the position.} 24. Rce1 (24. Bc2 Nc5 25. Nd1
Rad8 26. Ne3 Nxe3 27. Qxe3 $14) 24... Nc5 25. Bd1 f5 26. Qg2 (26. e5 $2 {
is unexpectedly met by} Nd3 {and White loses the exchange.}) 26... Qxg2+ 27.
Kxg2 Nd3 $1 (27... Rad8 28. Bxg4 fxg4 29. Re2 $16) 28. Re2 Nc1 29. Ree1 $2 ({
White had the nice resource} 29. h3 $1 $16 {[%csl Rh8][%cal Gh3g4,Gf1h1,Gh1h8,
Gd1b3] forcing Black to find a lot of only moves. After} Nxe2 (29... Nh6 30.
Rc2 Nd3 31. e5 $16) 30. hxg4 Nd4 (30... Nxc3 $2 {loses in view of the brilliant
} 31. Bb3 $1 {and due to the mate threat Black must give up a lot of material:}
({Not} 31. Rh1+ $2 Kg8 32. Bb3+ Rf7) 31... Nd5 32. exd5 fxg4 {and now either}
33. Rh1+ ({or} 33. dxc6 Rf5 34. c7 Rc8 35. Rc1 $18) 33... Kg8 34. dxc6+ Rf7 35.
Rd1 $18) 31. Ne2 $1 Rad8 ({Again the alternatives lose quickly:} 31... Nxe2 32.
Bb3 $18) (31... Ne6 32. Bb3 Rfe8 33. Nd4 $1 Nf8 34. Rh1+ Nh7 35. Nf3 $1 $18)
32. Nxd4 Rxd4 33. Rh1+ Kg8 34. Bb3+ Rf7 35. exf5 (35. gxf5 gxf5 36. e5 Rd2+ 37.
Kf3 Rxb2 $11) 35... gxf5 36. gxf5 {White still has possibilities here to play
on. E.g:} Rd2+ (36... Rb4 37. Be6 $1 Kf8 38. Rh8+ Ke7 39. b3 Rf6 (39... Rf8 40.
Rh7 Rf7 (40... Kf6 41. Kf3 {[%cal Gg3g4]} g6 42. Rh6 $18) 41. Kf3 $16) 40. Rg8
g6 41. Rg7+ Kf8 (41... Kd6 42. Rd7+ Kc5 43. fxg6 $1 Rxe6 44. f5 Rd6 45. g7 Rg4
46. b4+ Kd5 47. Re7 $16 {[%cal Gg2h3,Gg3g4,Gh3h4]}) 42. Rxg6 Rxg6 43. fxg6 Kg7
44. f5 Rd4 (44... c5 $6 45. Kf3 b5 46. g4 c4 47. Ke3 cxb3 48. axb3 $18 {
[%csl Rb4]}) 45. Kf3 $16) 37. Kf3 Rxb2 38. Be6 $1 Kf8 39. g4 Rb5 40. Rh8+ Ke7
41. a4 Ra5 42. Rb8 Rf8 43. Rxb7+ Kd6 44. Rxg7 Rxa4 45. Rd7+ Kc5 46. g5 $18)
29... Nd3 30. Re2 1/2-1/2

[Event "Grenke Chess Classic 5th"]
[Site "Karlsruhe/Baden-Baden"]
[Date "2018.03.31"]
[Round "1"]
[White "Bluebaum, Matthias"]
[Black "Vitiugov, Nikita"]
[Result "0-1"]
[WhiteElo "2631"]
[BlackElo "2735"]
[Annotator "Roiz,M"]
[PlyCount "50"]
[EventDate "2018.03.31"]
[EventType "tourn"]
[EventRounds "9"]
[EventCountry "GER"]
[EventCategory "20"]
[SourceTitle "CBM 184"]
[Source "ChessBase"]
[SourceDate "2018.05.16"]
[SourceVersion "1"]
[SourceVersionDate "2018.05.16"]
[SourceQuality "1"]

1. d4 d5 2. c4 c6 3. Nf3 Nf6 4. e3 Bf5 5. Nc3 e6 6. Nh4 Bg6 7. Bd2 Nbd7 8. Nxg6
hxg6 9. c5 {Quite a rare and very ambitious move. White's space advantage
might tell in the long run, but releasing the tension in the centre makes
black counterplay much easier.} ({The following alternatives have been tested
at a high level:} 9. Rc1 Bd6 (9... a6 10. Bd3 dxc4 11. Bxc4 b5 12. Be2 c5 13.
Bf3 Rb8 14. Ne2 $14 {Kasparov,G - Vallejo Pons,F Linares 2005}) 10. a3 a6 11.
c5 Bc7 12. f4 g5 $132 {Ivanchuk,V - Cheparinov,I Khanty-Mansiysk 2005}) (9. Qc2
a6 10. h3 dxc4 11. Bxc4 c5 12. O-O cxd4 13. exd4 Bd6 14. d5 e5 $132 {So,W -
Topalov,V Paris 2016}) (9. g3 $5 Bb4 (9... Bd6 10. Qb3 Rb8 11. Bg2 O-O 12. O-O
Re8 13. c5 Bf8 14. Qa4 a5 15. a3 b5 16. Qc2 e5 17. b4 $14 {Khismatullin,D -
Volkov,S Khanty-Mansiysk 2016}) 10. Qb3 Bxc3 11. Bxc3 Ne4 12. Bg2 Nxc3 13. Qxc3
f5 14. O-O Qe7 15. cxd5 exd5 16. b4 $14 {Kramnik,V - Topalov,V Elista 2006 CBM}
) 9... e5 10. b4 Be7 $146 ({The only game between human players saw} 10... a6
11. a4 Be7 12. g3 exd4 13. exd4 Nf8 14. Bg2 Ne6 15. Be3 $14 {Salgado Lopez,I -
Alsina Leal,D Barcelona 2011}) 11. b5 {The most consistent. However, White's
aggressive approach might backfire - the development has been delayed.} ({
The quieter} 11. g3 exd4 12. exd4 {is well met by} Ne4 $1 13. Nxe4 dxe4 14. b5
Bg5 $132 {with tense play.}) 11... O-O {A double-edged decision. It is
important to remove the king from the centre, but the Rh8 was putting definite
pressure along the h-file.} ({Another possibility was} 11... Qc7 $5 12. bxc6
bxc6 13. g3 Nf8 14. Bg2 Ne6 15. Qa4 Kf8 $132) 12. Qa4 $2 {Matthias is playing
with fire! Now Black's development advantage is getting threatening.} ({
The natural} 12. bxc6 $1 bxc6 13. Bd3 {was much better and might even cause
Black some problems. For instance,} Re8 14. O-O exd4 15. exd4 Nf8 16. Rb1 Ne6
17. Ne2 $14) 12... Re8 $6 {Nikita returns the favour.} ({The correct moves
order:} 12... exd4 $1 13. exd4 Re8 14. Be2 Nxc5 15. dxc5 d4 16. O-O dxc3 17.
Bxc3 Bxc5 $17 {and White would have to suffer till the end of the game.}) 13.
bxc6 bxc6 14. Be2 {The next few moves are almost forced.} exd4 15. exd4 Nxc5
16. dxc5 d4 17. O-O {The best solution.} ({In the event of} 17. Rd1 dxc3 18.
Bxc3 Nd5 19. Ba5 Qc8 20. O-O Bxc5 {White would have to claim sufficient
compensation for the pawn.}) 17... dxc3 18. Bxc3 Bxc5 19. Bf3 {Now the extra
c6-pawn is too weak, so White has no serious problems.} Rc8 20. Bxc6 $6 {
The first step in the wrong direction - Matthias is underestimating the danger
behind the rook's penetration.} ({The correct way was} 20. Qc4 Bb6 21. Rad1 Qc7
22. g3 {and the bishop pair provides White with sufficient compensation for a
pawn.}) 20... Re2 21. Bf3 $2 {A decisive mistake.} ({White's position is
difficult, but had GM Bluebaum played} 21. Ba5 Qd4 22. Qxd4 Bxd4 23. Bf3 Re5
24. Rad1 Bxf2+ 25. Rxf2 Rxa5 $17 {the result would still be unpredictable -
the limited material balance makes it tougher for Black to convert the extra
pawn into the full point.}) 21... Rxf2 $1 22. Rxf2 Bxf2+ 23. Kxf2 Rxc3 24. Qxa7
$2 {Alas, it definitely wasn't Matthias's day!} ({After} 24. Rd1 Qc7 25. Kg1
Rc4 26. Qb3 Qc5+ 27. Kh1 {it was still possible to put up resistance, even
though Black should be objectively winning.}) 24... Ne4+ $1 {A very beuatiful
tactical shot.} 25. Kg1 ({After} 25. Bxe4 Rc7 $1 {White cannot avoid the major
loss of material. For isntance,} 26. Qa8 Rc8 27. Qxc8 (27. Qd5 Qf6+ $19) 27...
Qxc8 28. Re1 Qc5+ 29. Kf1 Qc4+ 30. Re2 f5 31. Bf3 g5 32. h3 g4 33. hxg4 fxg4
34. Be4 g3 $19) 25... Ra3 $1 {The final touch!} ({White resigns in view of} 
25... Ra3 26. Qxa3 Qd4+ 27. Kf1 Qf2#) 0-1